Flagi, które były przez krótki czas lub, które nigdy nie były w użyciu - Statystyki

Ogólne statystyki
  • Ten quiz został rozwiązany 377 razy
    294 od ostatniego zresetowania
  • Średni wynik to 5 z 12
Statystyki odpowiedzi
Obrazkowy Odpowiedź % Poprawnych
Japonia
93%
Indie
92%
Węgry
85%
Nowa Zelandia
68%
Estonia
51%
Brazylia
49%
Grecja
29%
Tuvalu
24%
Grenlandia (Dania)
23%
Karelia
10%
Federacja Zakaukaska
5%
Karelia
3%
Nie znaleziono quizów pasujących do podanych kryteriów
Rozkład punktacji
Procent ludzi z każdym wynikiem
Percentyl według liczby udzielonych odpowiedzi
Twoja historia wyników
Nie rozwiązałeś tego quizu od ostatniego zresetowania